Storia della sociologia : (Record n. 358833)
[ formato base ]
| 000 -LEADER | |
|---|---|
| fixed length control field | 01001nam a2200289 i 4500 |
| 001 - CONTROL NUMBER | |
| control field | 000000251916 |
| 003 - CONTROL NUMBER IDENTIFIER | |
| control field | IT-MiSPE |
| 005 - DATE AND TIME OF LATEST TRANSACTION | |
| control field | 20200828153119.0 |
| 008 - FIXED-LENGTH DATA ELEMENTS--GENERAL INFORMATION | |
| fixed length control field | 030926s1975 xx 000 b ger c |
| 020 ## - INTERNATIONAL STANDARD BOOK NUMBER | |
| International Standard Book Number | 9788826301846 |
| Terms of availability | 17.50 EUR |
| 040 ## - CATALOGING SOURCE | |
| Original cataloging agency | IT-MiSPE |
| Language of cataloging | ita |
| Transcribing agency | IT-MiSPE |
| 041 ## - LANGUAGE CODE | |
| Language code of text/sound track or separate title | ita |
| 082 ## - DEWEY DECIMAL CLASSIFICATION NUMBER | |
| Classification number | 301.9-SCH he st (axa 23252) |
| 100 1# - MAIN ENTRY--PERSONAL NAME | |
| Personal name | Schoeck, Helmut. |
| Dates associated with a name | 1922-1993 |
| Relator term | sociologo |
| 9 (RLIN) | 58358 |
| 240 ## - UNIFORM TITLE | |
| Uniform title | Geschichte der Soziologie / Ursprung und Aufstieg der Wissenschaft von der menschlichen Gesellschaft |
| Language of a work | ger |
| 245 10 - TITLE STATEMENT | |
| Title | Storia della sociologia : |
| Statement of responsibility, etc. | Helmut Schoeck. |
| 260 ## - PUBLICATION, DISTRIBUTION, ETC. (IMPRINT) | |
| Place of publication, distribution, etc. | Roma ; |
| Name of publisher, distributor, etc. | Borla, |
| Date of publication, distribution, etc. | [1980] |
| 300 ## - PHYSICAL DESCRIPTION | |
| Extent | 378 p. ; |
| Dimensions | 21 cm |
| 490 1# - SERIES STATEMENT | |
| Series statement | Guide storiche ; |
| 546 ## - LANGUAGE NOTE | |
| Language note | Edizione italiana a cura di Adriana Signorelli |
| 655 07 - INDEX TERM--GENRE/FORM | |
| Genre/form data or focus term | Economia. Storia economico-sociale |
| General subdivision | Saggi, varia. |
| Source of term | local |
| 9 (RLIN) | 58359 |
| 942 ## - ADDED ENTRY ELEMENTS (KOHA) | |
| Source of classification or shelving scheme | Dewey Decimal Classification |
| Koha item type | LIBRO |
| 983 #0 - EQUIVALENCE OR CROSS-REFERENCE--SERIES STATEMENT-TITLE/UNIFORM TITLE [LOCAL, CANADA] | |
| Uniform title | Herder-Bücherei. |
| 990 10 - EQUIVALENCES OR CROSS-REFERENCES [LOCAL, CANADA] | |
| Link information for 9XX fields | 98301a |
| Link information for field corresponding to 9XX field | 83001av |
| Withdrawn status | Lost status | Source of classification or shelving scheme | Damaged status | Not for loan | Home library | Current library | Date acquired | Total Checkouts | Full call number | Barcode | Date last seen | Price effective from | Koha item type |
|---|---|---|---|---|---|---|---|---|---|---|---|---|---|
| Dewey Decimal Classification | Buone Condizioni | Not For Loan | CINISELLO | CINISELLO | 28/08/2020 | 301.9-SCH he st (axa 23252) | 9788826301846 | 28/08/2020 | 28/08/2020 | LIBRO |